Bibliografía analítica del Comité de Alto Nivel (CAN) hasta su décimonovena reunión: 1 de diciembre de 1972-14 de noviembre de 1975

Bibliografía sobre documentación presentada a las reuniones del comité de alto nivel para la reestructuración del Mercado Común Centroamericano, contiene las fichas analíticas de toda la documentación producida para las reuniones del CAN, así como dos anexos que contienen los documentos de referenci...

Descripció completa

Guardat en:
Dades bibliogràfiques
Autor corporatiu: SIECA. Comité de alto nivel para la reestructuración del Mercado Común Centroamericano
Format: Text
Publicat: Guatemala: SIECA
Matèries:
Etiquetes: Afegir etiqueta
Sense etiquetes, Sigues el primer a etiquetar aquest registre!

MARC

LEADER 00000 a a2200000 04500
001 19637
003
040
090 |a 078300  
110 |a SIECA. Comité de alto nivel para la reestructuración del Mercado Común Centroamericano  
245 |a Bibliografía analítica del Comité de Alto Nivel (CAN) hasta su décimonovena reunión: 1 de diciembre de 1972-14 de noviembre de 1975  
260 |a Guatemala:   |b SIECA  
300 |a 53 p.  
520 |a Bibliografía sobre documentación presentada a las reuniones del comité de alto nivel para la reestructuración del Mercado Común Centroamericano, contiene las fichas analíticas de toda la documentación producida para las reuniones del CAN, así como dos anexos que contienen los documentos de referencia presentados en algunos períodos de sesiones./ALLV  
650 |a BIBLIOGRAFIAS  
650 |a MCCA  
999 |c 11692  |d 11692